| 000 | 00656nam a2200205Ia 4500 | ||
|---|---|---|---|
| 003 | IN-BaIIA | ||
| 008 | 211028s9999 xx 000 0 eng d | ||
| 020 | _a978-0-07-147574-7 | ||
| 040 | _cIIA Library | ||
| 080 |
_a621.396.67(035) _bANT |
||
| 245 | 0 |
_aAntenna engineering handbook _cedited by J. L. volakis |
|
| 250 | _a4th ed. | ||
| 260 |
_aNew York _bMcGraw-Hill _c2007 |
||
| 300 | _a[various pagings.] | ||
| 650 |
_aAntennas - electronics - handbooks, manuals, etc. _932526 |
||
| 650 |
_aRadio - antennas _93723 |
||
| 650 |
_aTelecommunications _9658 |
||
| 700 |
_aVolakis, J. L ., ed. _932527 |
||
| 942 | _cBK | ||
| 999 |
_c17259 _d17259 |
||